| 000 | 01247pam a2200313 a 4500 | ||
|---|---|---|---|
| 001 | 3545681 | ||
| 003 | NUST - PNEC | ||
| 005 | 20170116181133.0 | ||
| 008 | 971118s1998 nyua b 001 0 eng | ||
| 010 | _a 97048606 | ||
| 020 | _a0471586269 (cloth : alk. paper) | ||
| 040 |
_aDLC _cLIBRARY _dDLC |
||
| 050 | 0 | 0 |
_aTP156.S45 _bS364 1998 |
| 082 | 0 | 0 | _a660.284 SEA |
| 100 | 1 | _aSeader, J. D. | |
| 245 | 1 | 0 |
_aSeparation process principles / _cJ.D. Seader, Ernest J. Henley. |
| 260 |
_aNew York : _bWiley, _cc1998. |
||
| 300 |
_axxvi, 886 p. : _bill. ; _c26 cm. |
||
| 504 | _aIncludes bibliographical references and index. | ||
| 650 | 0 |
_aSeparation (Technology) _vTextbooks. _xIME |
|
| 700 | 1 | _aHenley, Ernest J. | |
| 856 | 4 | 2 |
_3Publisher description _uhttp://www.loc.gov/catdir/description/wiley037/97048606.html |
| 856 | 4 |
_3Table of Contents only _uhttp://www.loc.gov/catdir/toc/onix03/97048606.html |
|
| 856 | 4 | 2 |
_3Contributor biographical information _uhttp://www.loc.gov/catdir/enhancements/fy0607/97048606-b.html |
| 906 |
_a7 _bcbc _corignew _d1 _eocip _f19 _gy-gencatlg |
||
| 942 |
_2ddc _cBK |
||
| 999 |
_c70109 _d70109 |
||